[Event "Gibraltar Masters 13th"]
[Site "Caleta"]
[Date "2015.01.31"]
[Round "5"]
[White "Cramling, Pia"]
[Black "Bellin, Robert"]
[Result "1/2-1/2"]
[WhiteElo "2518"]
[BlackElo "2338"]
[PlyCount "172"]
[EventDate "2015.01.27"]
[EventType "swiss"]
[EventRounds "10"]
[EventCountry "GGB"]
[SourceTitle "CBM 165"]
[Source "ChessBase"]
[SourceDate "2015.03.11"]
[SourceVersion "1"]
[SourceVersionDate "2015.03.11"]
[SourceQuality "1"]

1. Nf3 e6 2. c4 f5 3. g3 Nf6 4. Bg2 Be7 5. 0-0 0-0 6. d4 c6 7. Qc2 a5 8. Nc3 d5 9. b3 Ne4 10. Bb2 Nd7 11. e3 Bd6 12. Ne2 Qf6 13. Ne1 Qe7 14. Nd3 Nef6 15. Rac1 b6 16. Ne5 Bb7 17. Nf4 Rfc8 18. Rfd1 Nf8 19. c5 Bc7 20. cxb6 Bxb6 21. Nfd3 N8d7 22. Nxd7 Nxd7 23. Nc5 Nxc5 24. Ba3 Ba6 25. Bxc5 Bxc5 26. Qxc5 Qxc5 27. Rxc5 Bb7 28. Bf1 Kf7 29. Bd3 Ke7 30. f3 Ba6 31. e4 Bxd3 32. Rxd3 fxe4 33. fxe4 dxe4 34. Re3 a4 35. b4 a3 36. Rxe4 Rab8 37. Rce5 Rxb4 38. Rxe6+ Kf8 39. Re3 Rb1+ 40. Kg2 Rb2+ 41. Kh3 Rxa2 42. Rf3+ Kg8 43. Re7 Rf8 44. Rb3 Raf2 45. Rxa3 R2f7 46. Re4 Rd7 47. Rc3 Rf6 48. g4 h6 49. Kg3 Kf7 50. h4 Re7 51. Rf4 Ree6 52. g5 hxg5 53. hxg5 Rxf4 54. Kxf4 Rd6 55. Ke4 Rd5 56. g6+ Ke7 57. Rxc6 Rg5 58. Ra6 Rg4+ 59. Kd5 Rg5+ 60. Kc4 Rg4 61. Kc5 Rg1 62. Rc6 Kd7 63. Rb6 Ke7 64. Ra6 Rc1+ 65. Kd5 Rg1 66. Rd6 Rg2 67. Re6+ Kd7 68. Ra6 Ke7 69. Ra7+ Kf6 70. Kc6 Kxg6 71. d5 Rc2+ 72. Kd7 Kf5 73. d6 g5 74. Ke7 Re2+ 75. Kf7 Rd2 76. Ra5+ Kf4 77. Ke6 g4 78. Rf5+ Ke4 79. Rg5 Kf4 80. Rd5 Rxd5 81. Kxd5 g3 82. d7 g2 83. d8Q g1Q 84. Qf6+ Kg3 85. Qg5+ Kf2 86. Qxg1+ Kxg1 1/2-1/2

[Event "Hastings Masters op 90th"]
[Site "Hastings"]
[Date "2015.01.06"]
[Round "9"]
[White "Jaunooby, Ali Reza"]
[Black "Bellin, Robert"]
[Result "0-1"]
[WhiteElo "2175"]
[BlackElo "2338"]
[PlyCount "50"]
[EventDate "2014.12.29"]
[EventType "swiss"]
[EventRounds "9"]
[EventCountry "ENG"]
[SourceTitle "CBM 164 Extra"]
[Source "ChessBase"]
[SourceDate "2015.03.02"]
[SourceVersion "1"]
[SourceVersionDate "2015.03.02"]
[SourceQuality "1"]

1. d4 Nf6 2. Bf4 e6 3. Nd2 Nh5 4. Be5 d6 5. Bg3 Nc6 6. e3 g6 7. f4 Bg7 8. Be2 Nxg3 9. hxg3 e5 10. c3 Ne7 11. Ngf3 Nf5 12. Kf2 Qe7 13. dxe5 dxe5 14. g4 exf4 15. Qa4+ Bd7 16. Qxf4 Nd6 17. e4 f6 18. Rae1 0-0-0 19. Nd4 h5 20. N4b3 h4 21. Bd1 Bh6 22. Qf3 Nf7 23. Nc4 Qe6 24. Qe2 Bb5 25. Nba5 Rd2 0-1

[Event "Hastings Masters op 90th"]
[Site "Hastings"]
[Date "2015.01.01"]
[Round "4"]
[White "Mann, Johannes"]
[Black "Bellin, Robert"]
[Result "0-1"]
[WhiteElo "2080"]
[BlackElo "2338"]
[PlyCount "124"]
[EventDate "2014.12.29"]
[EventType "swiss"]
[EventRounds "9"]
[EventCountry "ENG"]
[SourceTitle "CBM 164 Extra"]
[Source "ChessBase"]
[SourceDate "2015.03.02"]
[SourceVersion "1"]
[SourceVersionDate "2015.03.02"]
[SourceQuality "1"]

1. d4 e6 2. c4 f5 3. g3 Nf6 4. Bg2 Be7 5. Nf3 0-0 6. 0-0 Ne4 7. Nc3 Nxc3 8. bxc3 Nc6 9. Re1 Na5 10. c5 b6 11. Ne5 Rb8 12. cxb6 axb6 13. e4 Bb7 14. exf5 Bxg2 15. Kxg2 Rxf5 16. Qa4 c6 17. Ba3 Bxa3 18. Qxa3 d6 19. Ng4 Qf8 20. f4 Rb5 21. Ne3 d5 22. Qxf8+ Kxf8 23. Rab1 Rxb1 24. Rxb1 Ke7 25. Kf3 Kd7 26. Ke2 Kc7 27. Kd3 Ra8 28. Rb2 Nb7 29. Ng4 Nd6 30. Re2 h5 31. Ne5 Ra3 32. Nf3 Nb5 33. Rc2 c5 34. Kd2 Nd6 35. Ng5 Kd7 36. Kd3 Nf5 37. Nf3 Nd6 38. Ng5 Nb5 39. Nf3 Kd6 40. Kd2 c4 41. Ne5 Kc7 42. Nf3 Nd6 43. Ng5 Kd7 44. Kc1 b5 45. Kb2 b4 46. cxb4 Nb5 47. Nf7 c3+ 48. Rxc3 Rxc3 49. a4 Re3 50. axb5 Re2+ 51. Kb3 Rxh2 52. Ka4 Ra2+ 53. Kb3 Rg2 54. Ka4 Kc7 55. Ng5 Rxg3 56. Nxe6+ Kb6 57. Nc5 h4 58. Nd7+ Kc7 59. Nc5 h3 60. Ka5 Ra3+ 61. Na4 Rxa4+ 62. Kxa4 Kb6 0-1

[Event "Hastings Masters op 90th"]
[Site "Hastings"]
[Date "2014.12.31"]
[Round "3"]
[White "Bellin, Robert"]
[Black "Flear, Glenn C"]
[Result "1/2-1/2"]
[WhiteElo "2338"]
[BlackElo "2460"]
[PlyCount "54"]
[EventDate "2014.12.29"]
[EventType "swiss"]
[EventRounds "9"]
[EventCountry "ENG"]
[SourceTitle "CBM 164 Extra"]
[Source "ChessBase"]
[SourceDate "2015.03.02"]
[SourceVersion "1"]
[SourceVersionDate "2015.03.02"]
[SourceQuality "1"]

1. e4 e5 2. Nf3 Nc6 3. Bb5 a6 4. Ba4 Nf6 5. 0-0 b5 6. Bb3 Bc5 7. d3 h6 8. Be3 d6 9. Qe1 0-0 10. a4 Rb8 11. axb5 axb5 12. c3 Bb6 13. Nbd2 Re8 14. Bxb6 Rxb6 15. Ra8 Ra6 16. Rxa6 Bxa6 17. Qa1 Bb7 18. Qa2 Qd7 19. Ra1 Ra8 20. Qb1 Rxa1 21. Qxa1 d5 22. Qa2 dxe4 23. Nxe4 Nxe4 24. dxe4 Nd8 25. Qb1 Qd6 26. Qd1 Qxd1+ 27. Bxd1 f6 1/2-1/2

[Event "Gibraltar Masters 12th"]
[Site "Caleta"]
[Date "2014.02.04"]
[Round "8"]
[White "Byron, Alan M"]
[Black "Bellin, Robert"]
[Result "1/2-1/2"]
[WhiteElo "2149"]
[BlackElo "2337"]
[PlyCount "86"]
[EventDate "2014.01.28"]
[EventType "swiss"]
[EventRounds "10"]
[EventCountry "GGB"]
[SourceTitle "CBM 159"]
[Source "ChessBase"]
[SourceDate "2014.03.17"]
[SourceVersion "1"]
[SourceVersionDate "2014.03.17"]
[SourceQuality "1"]

1. e4 e5 2. Nf3 Nc6 3. Bb5 a6 4. Ba4 Nf6 5. 0-0 Be7 6. Re1 b5 7. Bb3 d6 8. c3 0-0 9. h3 Nb8 10. d4 Nbd7 11. Nbd2 Bb7 12. Bc2 c5 13. Nf1 Re8 14. Ng3 cxd4 15. cxd4 exd4 16. Nxd4 d5 17. exd5 Bxd5 18. Ndf5 Bf8 19. Rxe8 Qxe8 20. Be3 Qe6 21. Nd4 Qe5 22. Bb3 Nc5 23. Bxd5 Nxd5 24. Bc1 Re8 25. Nf3 Qe6 26. Bd2 Qg6 27. Qb1 Qd3 28. b4 Qxb1+ 29. Rxb1 Na4 30. a3 Ndb6 31. Rb3 Nc4 32. Kf1 g6 33. Ne2 Rd8 34. Ke1 Nab2 35. Nc1 Bg7 36. Ke2 Re8+ 37. Be3 Na4 38. Ne1 Bb2 39. Ncd3 Nc3+ 40. Kf3 Rxe3+ 41. fxe3 Nd2+ 42. Kg3 Nxb3 43. Nxb2 f6 1/2-1/2

[Event "Gibraltar Masters 12th"]
[Site "Caleta"]
[Date "2014.01.29"]
[Round "2"]
[White "Bellin, Robert"]
[Black "Maze, Sebastien"]
[Result "1/2-1/2"]
[WhiteElo "2337"]
[BlackElo "2536"]
[PlyCount "180"]
[EventDate "2014.01.28"]
[EventType "swiss"]
[EventRounds "10"]
[EventCountry "GGB"]
[SourceTitle "CBM 159"]
[Source "ChessBase"]
[SourceDate "2014.03.17"]
[SourceVersion "1"]
[SourceVersionDate "2014.03.17"]
[SourceQuality "1"]

1. d4 Nf6 2. Nc3 d6 3. e4 g6 4. f4 c6 5. Nf3 b5 6. Bd3 Bg7 7. Qe2 0-0 8. e5 dxe5 9. dxe5 Nd5 10. Nxd5 Qxd5 11. Be4 Qd8 12. 0-0 Qc7 13. Be3 Nd7 14. Nd4 Bb7 15. Qf3 a6 16. Bxc6 Bxc6 17. Qxc6 Rfc8 18. Qxc7 Rxc7 19. c3 Rb8 20. Nb3 e6 21. Rad1 Bf8 22. a3 Be7 23. Bd4 h5 24. g3 Kf8 25. Kg2 Ke8 26. h3 Ra8 27. Na5 Bc5 28. Bxc5 Nxc5 29. Rd6 Rd8 30. Rfd1 Rxd6 31. Rxd6 Na4 32. b3 Nxc3 33. Rxa6 Nb1 34. Nc6 Rc8 35. Nd4 Nc3 36. Ra5 h4 37. gxh4 b4 38. axb4 Rd8 39. Nb5 Rd2+ 40. Kf3 Rd3+ 41. Kf2 Ne4+ 42. Ke2 Rxb3 43. Ra8+ Kd7 44. Ra7+ Ke8 45. Ra8+ Kd7 46. Ra7+ Ke8 47. Rb7 Ng3+ 48. Kd2 Ne4+ 49. Kc2 Rf3 50. Nd6+ Nxd6 51. exd6 Rxf4 52. Kc3 e5 53. b5 Rf6 54. Re7+ Kd8 55. b6 Rxd6 56. b7 Kxe7 57. b8Q e4 58. Qb7+ Kf8 59. Qxe4 Rf6 60. h5 Kg8 61. hxg6 fxg6 62. Qe8+ Kg7 63. Qe5 Kf7 64. Kd4 Rf5 65. Qc7+ Kg8 66. Ke4 Kf8 67. h4 Kg8 68. Qe7 Rh5 69. Kf4 Rf5+ 70. Kg4 Kh8 71. h5 Rxh5 72. Qf8+ Kh7 73. Qf7+ Kh6 74. Qg8 Rg5+ 75. Kh4 Rh5+ 76. Kg4 Rg5+ 77. Kf4 Rf5+ 78. Ke4 Kg5 79. Qh8 Rf4+ 80. Ke5 Rf5+ 81. Ke6 Kg4 82. Qh6 g5 83. Qh1 Rf4 84. Qh2 Rf3 85. Qh7 Rf4 86. Qh6 Rf2 87. Ke7 Rf4 88. Qh2 Rf5 89. Ke6 Rf4 90. Qg1+ Kh5 1/2-1/2